Computational fluid dynamics modelling of fluid hydrodynamics in horizontal primary separator /
Saved in:
| 主要作者: | |
|---|---|
| 格式: | Thesis 图书 |
| 语言: | English |
| 出版: |
2001
|
| 标签: |
添加标签
没有标签, 成为第一个标记此记录!
|
| LEADER | 00692nam a2200193 a 4500 | ||
|---|---|---|---|
| 001 | u688897 | ||
| 003 | SIRSI | ||
| 008 | 910820s2001 mal v 00 1 eng | ||
| 035 | |a ACR-2064 | ||
| 040 | |a UMJ | ||
| 097 | |a TP1 |b UM 2001 Chegm | ||
| 100 | 1 | 0 | |a Chen, Gooi Mee |
| 245 | 1 | 0 | |a Computational fluid dynamics modelling of fluid hydrodynamics in horizontal primary separator / |c Chen Gooi Mee |
| 260 | 1 | |c 2001 | |
| 300 | |a xi, 140 leaves : |b ill. ; |c 28 cm. | ||
| 502 | |a Dissertation (M.Eng.Sc.) -- Fakulti Kejuruteraan, Universiti Malaya, 2001. | ||
| 948 | |a 09/10/2001 |b 09/10/2001 | ||
| 596 | |a 7 | ||
| 999 | |a TP1 UM 2001 CHEGM |w LC |c 1 |i A511882074 |d 7/8/2008 |f 7/8/2008 |g 1 |l STACKS |m P07JURUTER |r Y |s Y |t TESIS |u 1/8/2008 | ||
